Spadla z čerešne : bláznivý román /

Hlavní autor: Pavelková, Kristína, 1985-
Jazyk: Slovenština
Vydáno: Praha : Naše vojsko, 2024
Edice: Naše rodina
Témata:
Fyzický popis: 239 stran ; 20 cm
Knihy
Uloženo v:
LEADER 01259nam a2200385 i 4500
001 nkc20243591772
003 CZ PrNK
005 20240422085216.0
007 ta
008 240322s2024 xr g 000 f slo
015 |a cnb003591772 
020 |a 978-80-206-2001-9  |q (vázáno) 
035 |a (OCoLC)1433648889 
040 |a ABG001  |b cze  |d ABA001  |e rda 
072 7 |a 821.162.4  |x Slovenská literatura  |2 Konspekt  |9 25 
080 |a 821.162.4-31  |2 MRF 
080 |a (0:82-31)-055.2  |2 MRF 
100 1 |a Pavelková, Kristína,  |d 1985-  |7 mzk20191032106  |4 aut 
245 1 0 |a Spadla z čerešne :  |b bláznivý román /  |c Kristína Pavelková 
264 1 |a Praha :  |b Naše vojsko,  |c 2024 
300 |a 239 stran ;  |c 20 cm 
336 |a text  |b txt  |2 rdacontent 
337 |a bez média  |b n  |2 rdamedia 
338 |a svazek  |b nc  |2 rdacarrier 
490 1 |a Naše rodina 
655 7 |a slovenské romány  |7 fd133450  |2 czenas 
655 7 |a romány pro ženy  |7 fd187897  |2 czenas 
655 9 |a Slovak fiction  |2 eczenas 
655 9 |a women's novels  |2 eczenas 
830 0 |a Naše rodina  |0 s 
910 2 |a BOA001  |b 1-1522.626 
990 |a BK 
995 |a 01 
991 |b 202404  |c NOV 
996 6 |b 2610965593  |c 1-1522.626  |l MZK  |r Sklad / do 1 hodiny  |n 0  |p p.v.  |w 001959014  |u 000010  |a 1  |e BOA001  |j MZK50  |s P